Economía política de la globalización /

Պահպանված է:
Մատենագիտական մանրամասներ
Հիմնական հեղինակ: Martínez González-Tablas, Angel (autor)
Ձևաչափ: Գիրք
Լեզու:իսպաներեն
Հրապարակվել է: Barcelona, España : Ariel, 2000, c2000
Շարք:(Ariel Economía)
Խորագրեր:
Ցուցիչներ: Ավելացրեք ցուցիչ
Չկան պիտակներ, Եղեք առաջինը, ով նշում է այս գրառումը!

MARC

LEADER 00000nam^a2200000^a^4500
001 000152710
005 20250521000000.0
009 20260310100255.271
020 |a 84-344-2156-9 
037 |a Acervo ITESO - Biblioteca 
041 |a ESP 
082 |a 337.  |b MAR 
100 |a Martínez González-Tablas, Angel  |e (autor) 
245 1 0 |a Economía política de la globalización /  |c A. Martínez González-Tablas ; pról. de Valpy Fitzgerald. 
264 4 |a Barcelona, España :  |b Ariel,  |c 2000, c2000 
300 |a 380 p. 
336 |a texto  |b txt  |2 rdacontenido 
337 |a sin mediación  |b n  |2 rdamedio 
338 |a volumen  |b nc  |2 rdasoporte 
440 1 |a (Ariel Economía) 
649 |a XX 
650 |a Globalización 
650 |a Regulación Económica 
650 |a Oferta y Demanda 
650 |a Mercado 
650 |a Producción Económica 
650 |a Capitalismo 
650 |a Comercio Internacional 
650 |a Finanzas Internacionales 
650 |a Economía Internacional 
650 |a Economía Política 
650 |a Economía 
910 |a Fondo General 
920 |a Impresos - Libros 
930 |a Colección General 
905 |a 101 
901 |a 0500081967  |b IT1  |c ACC  |u 20250521 
902 |a https://opac.biblio.iteso.mx/vufind/Record/000152710